00751nam a2200181 a 4500003000200000005001700002008004100019050002800060100002200088245006000110260009200170300004700262504004300309650005600352650005100408650005100459650005900510020250310125802.0080730s19uu xx 00 eng d aPGS P 211.8b.V632 2008 aVicedo, Hannah S. aText messaging and spelling skills /cHannah S. Vicedo. aLas Piñas City, Philippines : bSouthville International School and Colleges,c2008. a44 pages : billustrations ; c28 cm.  aIncludes bibliographical references.  aSpelling abilityvEffect of digital communication.  aCell phone textingvImpact on language skills. aText messagingvInfluence on spelling skills.  aTechnology and language learningvElementary students.